000 00572nam a2200229Ia 4500
003 OSt
005 20220924143020.0
006 a|||||r|||| 00| 0
007 ta
008 220923b |||||||| |||| 00| 0 ori d
024 _a304398
037 _cTextual
040 _aARTS
_cARTS
_bORI
041 _2ORI
_aORI
082 _aO1591,1NSI,8, K3
100 _aSingh R.
_9214619
245 0 _aLal pagodara preta
260 _c1963
650 _aORIYA LITERATURE
_927692
942 _hO1591,1NSI,8, K3
_cTEXL
_2CC
999 _c452919
_d452919